00794nam a2200205 i 4500003000500000005001700005007000300022008004100025100003100066245008300097264007100180300001600251502009000267700003300357700003600390720003100426720004600457720004200503720004300545CSPC20231121135548.0ta231121s2016 ph a m 000 0beng  aAcabado, Annie G.dauthor. aEnterpreneurial skills of market stall owners in LGU-Bato /cAnnie G. Acabado. aNabua, Camarines Sur :bCamarines Sur Polytechnic Colleges,c2016. a97 leaves : aUndergraduate Theses (BSOA) Office AdministrationcCamarines Sur Polytechnic Colleges aBase, Marifrance V.eauthor. aSaluna, Cyra Mariel B.eauthor. aIllo, Shirley M.eadviser. aEscolano, Emilda E.epanelist chairperson aSalazar, Teresita B.epanelist member aBinalla, Ana Marie A.epanelist member